000 00549nam a2200181Ia 4500
999 _c1872
_d1872
003 OSt
005 20200930143647.0
008 190216s9999||||xx |||||||||||||| ||und||
020 _a9788185375045
040 _coclc
082 _a632.7
_bAYY/
100 _aAyyar, T V Ramakrishna
_95236
245 0 _aHandbook Of Economic Entomology For South India /
_cT V Ramakrishna Ayyar
260 _bNarendra Publishing House,
_c2014.
_aNew Delhi:
300 _a528p
650 _aBotany
942 _cBK
_2ddc
_h632.7
_iAYY/H
_k632.7
_mAYY/H